| 000 | 00956nas a2200301 4500 | ||
|---|---|---|---|
| 001 | BR8600766 | ||
| 003 | BR-BrBNA | ||
| 005 | 20231205090342.0 | ||
| 007 | ta | ||
| 008 | 230509b bl.|||p| |||| 00| 00por d | ||
| 040 |
_aBR-BrBNA _bpor _cBiblioteca Nacional de Agricultura |
||
| 041 | _a(Pt) | ||
| 072 | _aQ04 | ||
| 100 | 1 | _aTango, J.S. | |
| 100 | 1 | _aSantos, L.C. dos | |
| 100 | 1 | _aTuratti, J.M. | |
| 100 | 1 | _aMori, E.E.M. | |
| 100 | 1 | _aShirose, I. | |
| 100 | 1 | _aYotsuyanagi, K. | |
| 245 | 1 | _aCaracterizacao de algumas cultivares de soja para producao de extrato proteico | |
| 246 | 1 | _aCharacterization of soybean cultivars for milk production | |
| 650 | _aLEITE DE SOJA | ||
| 650 | _aPROTEINA | ||
| 650 | _aANALISE ORGANOLEPTICA | ||
| 773 | 0 |
_tBoletim do Instituto de Tecnologia de Alimentos (Brazil) _xISSN 0366-0281 _g(Apr-Jun 1984), v. 21(2) p. 157-182 _wBR8600766 |
|
| 909 |
_a202311 _bLúcia _c55 _dLúcia Elande |
||
| 942 |
_2AGRIS _n0 _cANA |
||
| 999 |
_c117810 _d117810 |
||